000 00297nam a22001337a 4500
008 170822b xxu||||| |||| 00| 0 eng d
020 _a9780395870556
041 _aeng
080 _22ND
_a51
100 _a38
101 _aMAT
245 _aELEMENTARTY GEOMETRY
_cALEXANDER,D.C
942 _2udc
_cBK
999 _c24570
_d24570